El modelo de revaluación de bienes de uso y el derecho al dividendo de los accionistas (Registro nro. 11738)

Detalles MARC
000 -LEADER
fixed length control field 00423 a2200133 4500
001 - CONTROL NUMBER
control field ART_7248
005 - DATE AND TIME OF LATEST TRANSACTION
control field 20260410161623.0
008 - FIXED-LENGTH DATA ELEMENTS--GENERAL INFORMATION
fixed length control field 260409a
100 1# - MAIN ENTRY--PERSONAL NAME
Personal name Casal, María del Carmen
245 10 - TITLE STATEMENT
Title El modelo de revaluación de bienes de uso y el derecho al dividendo de los accionistas
700 1# - ADDED ENTRY--PERSONAL NAME
Personal name Rondi, Gustavo R.
700 1# - ADDED ENTRY--PERSONAL NAME
Personal name Gómez, Melisa
773 0# - HOST ITEM ENTRY
Title Enfoques
Related parts - Nº 12 (dic. 2011)
Record control number REV416

No hay ítems disponibles.